Riconosci la Provincia dai confini - Quiz n°8 - Statistics

Statistiche generali
  • Questo quiz è stato fatto 25 volte
  • Il punteggio medio è 7 su 10
Statistiche sulle risposte
Province confinanti Provincia % Corretto
Provincia di FerraraCittà metropolitana di Firenze
Provincia di Modena Provincia di Pistoia Provincia di Prato Provincia di Ravenna
Città metropolitana di Bologna
95%
Città Metropolitana di BariProvincia di Lecce Provincia di Taranto Provincia di Brindisi
95%
Provincia di FerraraProvincia di Mantova Provincia di Padova Città Metropolitana di Venezia Provincia di Verona Provincia di Rovigo
86%
Provincia di AlessandriaProvincia di Biella Provincia di Novara Provincia di Pavia Città Metropolitana di Torino Provincia del Verbano-Cusio-Ossola Valle d'Aosta Provincia di Vercelli
77%
Città Metropolitana di BariProvincia di Brindisi Provincia di Lecce Provincia di Matera Provincia di Taranto
68%
Città Metropolitana di Bologna Provincia di Ferrara Città Metropolitana di Firenze Provincia di Forlì-Cesena Provincia di Ravenna
64%
Provincia di CatanzaroCittà Metropolitana di Reggio Calabria Provincia di Vibo Valentia
59%
Provincia di AnconaProvincia di Arezzo Provincia di Ascoli Piceno Provincia di Macerata Provincia di Pesaro e Urbino Provincia di Rieti Provincia di Terni Provincia di Viterbo Provincia di Perugia
50%
Provincia di ComoCittà Metropolitana di Milano Provincia di Monza e della Brianza Provincia di Novara Provincia del Verbano-Cusio-Ossola Provincia di Varese
50%
Provincia di CremonaCittà Metropolitana di Genova Provincia di Mantova Provincia di Massa-Carrara Provincia di Piacenza Provincia della Spezia Provincia di Parma
36%
Nessun quiz corrispondente trovato
Distribuzione punteggi
Percentuale di utenti per punteggio
Percentile per numero di risposta
I tuoi punteggi nel tempo
Non hai fatto questo quiz